Inservice mathematics education: (Record no. 34507)
[ view plain ]
| 000 -LEADER | |
|---|---|
| fixed length control field | 01600cam a22003011 4500 |
| 001 - CONTROL NUMBER | |
| control field | hew64000127 |
| 003 - CONTROL NUMBER IDENTIFIER | |
| control field | DLC |
| 005 - DATE AND TIME OF LATEST TRANSACTION | |
| control field | 20260227111513.0 |
| 008 - FIXED-LENGTH DATA ELEMENTS--GENERAL INFORMATION | |
| fixed length control field | 760512s1964 dcu b 000 0 eng |
| 010 ## - LIBRARY OF CONGRESS CONTROL NUMBER | |
| LC control number | hew64000127 |
| 035 ## - SYSTEM CONTROL NUMBER | |
| System control number | (OCoLC)2171141 |
| 040 ## - CATALOGING SOURCE | |
| Original cataloging agency | DLC |
| Transcribing agency | PCoR |
| Modifying agency | OCoLC |
| -- | DLC |
| 050 00 - LIBRARY OF CONGRESS CALL NUMBER | |
| Classification number | L111 |
| Item number | .A6 1964, no. 36 |
| 100 1# - MAIN ENTRY--PERSONAL NAME | |
| Personal name | Schult, Veryl, |
| Dates associated with a name | 1906- |
| 245 10 - TITLE STATEMENT | |
| Title | Inservice mathematics education: |
| Remainder of title | promising practices for elementary and secondary school teachers, |
| Statement of responsibility, etc. | prepared by Veryl Schult and Theodore L. Abell. |
| 260 ## - PUBLICATION, DISTRIBUTION, ETC. | |
| Place of publication, distribution, etc. | [Washington] |
| Name of publisher, distributor, etc. | U.S. Dept. of Health, Education, and Welfare, Office of Education; [for sale by the Superintendent of Documents, U.S. Govt. Print. Off., |
| Date of publication, distribution, etc. | 1964] |
| 300 ## - PHYSICAL DESCRIPTION | |
| Extent | vi, 129 p. |
| Dimensions | 24 cm. |
| 490 1# - SERIES STATEMENT | |
| Series statement | United States. Office of Education. Bulletin, |
| Volume/sequential designation | 1964, no. 36 |
| 500 ## - GENERAL NOTE | |
| General note | "OE-29056." |
| 500 ## - GENERAL NOTE | |
| General note | "Report of a conference held under the joint auspices of the U. S. Office of Education and the National Council of Teachers of Mathematics, Washington, D. C., March 7-8, 1963." |
| 501 ## - WITH NOTE | |
| With note | Copies 1 and 2 with: Education in Peru / Adela R. Freeburger and Charles E. Hauch. Washington : U.S. Dept. of Health, Education, and Welfare, Office of Education, 1964. Bound together subsequent to publication. |
| Institution to which field applies | DLC |
| 504 ## - BIBLIOGRAPHY, ETC. NOTE | |
| Bibliography, etc. note | Bibliography: p. 125-129 |
| 650 #0 - SUBJECT ADDED ENTRY--TOPICAL TERM | |
| Topical term or geographic name entry element | Mathematics teachers |
| General subdivision | Training of. |
| 700 1# - ADDED ENTRY--PERSONAL NAME | |
| Personal name | Abell, Theodore Lee, |
| Dates associated with a name | 1907- |
| Relator term | joint author. |
| 710 1# - ADDED ENTRY--CORPORATE NAME | |
| Corporate name or jurisdiction name as entry element | United States. |
| Subordinate unit | Office of Education. |
| 710 2# - ADDED ENTRY--CORPORATE NAME | |
| Corporate name or jurisdiction name as entry element | National Council of Teachers of Mathematics. |
| 830 #0 - SERIES ADDED ENTRY--UNIFORM TITLE | |
| Uniform title | Bulletin (United States. Office of Education) ; |
| Volume/sequential designation | 1964, no. 36. |
No items available.